Religions by Structure - Whammies - Statistics

General Stats
  • This quiz has been taken 30 times
  • The average score is 6 of 16
Answer Stats
Picture Answer % Correct
Buddhism
83%
Islam
83%
Christianity
67%
Shinto
58%
Shinto
50%
Christianity
46%
Islam
38%
Christianity
25%
Hinduism
25%
Judaism
25%
Taoism
25%
Buddhism
13%
Islam
13%
Zoroastrianism
13%
Hinduism
4%
Jainism
4%
No matching quizzes found
Score Distribution
Percent of People with Each Score
Percentile by Number Answered
Your Score History
You have not taken this quiz